| 000 | 00645cam a2200217 a 4500 | ||
|---|---|---|---|
| 001 | 22204 | ||
| 003 | BD-RjUL | ||
| 005 | 20211209000759.0 | ||
| 008 | 140306s1953 enk 000 0 eng d | ||
| 035 | _a(BD-RjUL)22269 | ||
| 040 |
_aWSU _dEUX _beng _cBD-RjUL |
||
| 041 | _aeng | ||
| 082 |
_a914.95 _bMYG 1953 |
||
| 100 | 1 |
_aMyres, John Linton, _d1869-1954. _968545 |
|
| 245 | 1 | 0 |
_aGeographical history in Greek lands / _cby John L. Myres |
| 260 |
_aOxford : _bClarendon Press, _c1953 |
||
| 300 |
_aix, 381 p., 12 p. of plates : _bmaps ; _c23 cm |
||
| 651 | 0 |
_aGreece _xHistorical geography _968546 |
|
| 942 |
_2ddc _cBK |
||
| 999 |
_c22204 _d22204 |
||